000 00381nam a22001697a 4500
999 _c10954
_d10954
003 OSt
008 210814b ||||| |||| 00| 0 eng d
020 _a9788183858786
082 _a294.1
_bTUY
100 G _aRAM, Tulsi
245 _aYajur Veda
250 _aEd
260 _aDelhi
_bArsh Sahitya Prachar Trust
_c2013
300 _a1160
650 _aReligious
942 _2ddc
_cBK